释迦牟尼佛传 (Record no. 49004)

000 -LEADER
fixed length control field 00467nam a22001817a 4500
003 - CONTROL NUMBER IDENTIFIER
control field MPLRDC
005 - DATE AND TIME OF LATEST TRANSACTION
control field 20220104144356.0
008 - FIXED-LENGTH DATA ELEMENTS--GENERAL INFORMATION
fixed length control field 210129b ||||| |||| 00| 0 eng d
082 ## - DEWEY DECIMAL CLASSIFICATION NUMBER
Classification number 229.1 SXY c.3
100 ## - MAIN ENTRY--PERSONAL NAME
Personal name 星云大师
245 ## - TITLE STATEMENT
Title 释迦牟尼佛传
Statement of responsibility, etc.
250 ## - EDITION STATEMENT
Edition statement 再版12刷
260 ## - PUBLICATION, DISTRIBUTION, ETC.
Place of publication, distribution, etc. 马来西亚
Name of publisher, distributor, etc. 佛光文化
Date of publication, distribution, etc. 1994
300 ## - PHYSICAL DESCRIPTION
Other physical details 152
490 ## - SERIES STATEMENT
Series statement 佛光史传丛书: 3200
650 ## - SUBJECT ADDED ENTRY--TOPICAL TERM
Topical term or geographic name entry element 佛教传记--释迦牟尼
942 ## - ADDED ENTRY ELEMENTS (KOHA)
Koha item type Book
-- 229.1 SXY c.3
Holdings
Withdrawn status Lost status Source of classification or shelving scheme Damaged status Not for loan Collection code Home library Current library Shelving location Date acquired Cost, normal purchase price Total Checkouts Full call number Barcode Date last seen Date last checked out Price effective from Koha item type Public note
            Malaysian Public Library, Research and Development Centre Malaysian Public Library, Research and Development Centre   10/12/2007 10.00   229.1 SXY c.3 00049171 18/03/2021 11/05/2012 18/03/2021 Book mplrdc

© 2022. Malaysian Public Library, Research and Development Centre. All Right ReservedE-mailmplrdc@help.edu.my 

Powered by Koha